Algorithmic game theory

Αποθηκεύτηκε σε:
Λεπτομέρειες βιβλιογραφικής εγγραφής
Άλλοι συγγραφείς: Nisan, Noam (Επιμελητής έκδοσης)
Μορφή: Βιβλίο
Γλώσσα:English
Δημοσίευση: Cambridge ; New York : Cambridge University Press, 2008, c2009.
Έκδοση:1η έκδ. ανατύπωση.
Θέματα:
Ετικέτες: Προσθήκη ετικέτας
Δεν υπάρχουν, Καταχωρήστε ετικέτα πρώτοι!

MARC

LEADER 00000cam a2200000 i 4500
001 1/11551
008 110113r20072008enk ||| | eng||
020 |a 9780521872829 
035 |l 10109452 
040 |a GR-MyUA  |b gre  |e AACR2 
041 0 |a eng 
082 0 |a 519.3   |2 (22) 
245 1 0 |a Algorithmic game theory /   |c edited by Noam Nisan...[κ.ά.].  
250 |a 1η έκδ. ανατύπωση.  
260 |a Cambridge ; New York :   |b Cambridge University Press,   |c 2008, c2009. 
300 |a xxi, 754 σ. :   |b εικ. ;   |c 27 εκ.  
504 |a Περιέχει βιβλιογραφικές αναφορές και ευρετήριο.  
650 0 0 |a Game theory. 
650 0 0 |a Algorithms. 
700 1 |a Nisan, Noam,  |e edt 
852 |a INST  |b SAMOS  |e 20110113  |h 519.3 ALG  |p 005300033062  |q 005300033062  |t BK  |y 0 
901 |a BIBL3-2011-1 
909 |a Σ  |b 166699 
922 |a 3ΕΛΗ  |b 201010  |c ΤΜΠΕΣ  |d ΜΙΧΑΛΟΠΟΥΛΟΣ 
970 |a ΚΟΣΙΕΡΗΣ  |b ΧΡΗΣΤΟΣ  |z 2011/01/13